000 00431nam a2200169Ia 4500
005 20250516023217.0
008 240331s9999 xx 000 0 und d
020 _a9552009731
082 _a294
_bWAL
100 _a Walpola, Wimalagnana thera
245 0 _aJapan Budu dhama ha sanskruthiya
260 _aColombo
_bS. Godage & Brothers
_c1993
300 _a144 p .,
650 _aJapanese Buddhism
650 _aCulture
942 _cL
999 _c911
_d911